By the Numbers #26 - Statistics

General Stats
  • This quiz has been taken 72 times
  • The average score is 11 of 20
Answer Stats
Hint Explanation Answer % Correct
36 6
90%
12 * 800 400
88%
Number of red cards in a standard deck of playing cards 26
85%
MCMXXIX 1929
83%
7777 78
75%
The November date on which Veterans Day is celebrated in the U.S. Fixed date federal holiday 11
73%
Number of sides a rhombus has 4
70%
Title of the 1979 U.S. war comedy film starring Dan Aykroyd and Ned Beatty 1941. Steven Spielberg, dir. 1941
68%
Number of U.S. states whose name begins with “S” South Carolina, South Dakota 2
65%
Face value of an “S” tile in Scrabble 1
63%
Number of U.S. state capitals whose name begins with “K” 0
53%
Number of different letters used to express Roman numerals I, V, X, L, C, D, M 7
53%
Number of countries whose English language name begins with “F” Fiji, Finland, France 3
40%
Maple Drive, Mayfield address of the Cleaver family on Leave It to Beaver (in earlier episodes) 485
40%
Number of countries whose capital city begins with “H” Hanoi, Vietnam; Harare, Zimbabwe; Havana, Cuba; Helsinki, Finland; Honiara, Solomon Islands 5
35%
Approximate average distance between Earth and Jupiter (in millions of miles) Source 385
33%
Street number in the title of the 1933 musical film starring Warner Baxter and Bebe Daniels, with choreography by Busby Berkeley 42nd Street. Lloyd Bacon, dir. 42
33%
Number of the amendment to the U.S. Constitution that prohibits excessive bail or fines and cruel and unusual punishment 8
28%
Convict number in the title of the 1920 film starring Buster Keaton Convict 13. Edward F. Cline and Buster Keaton, dirs. 13
18%
Rillington Place address in the title of the 1971 British crime film starring Richard Attenborough and Judy Geeson 10 Rillington Place. Richard Fleischer, dir. 10
13%
No matching quizzes found
Score Distribution
Percent of People with Each Score
Percentile by Number Answered
Your Score History
You have not taken this quiz